Spomienka na MUDr. Dominika Slovíka

Bibliographic Details
Main Author: Baráthová, Nora, 1944- (Author)
Format: Article
Language:Slovak
PhysicalDescription:Fotogr.
Subjects:
Online Access:http://www.kezmarok.sk/obcan/clanky/noviny_kezmarok_archiv-95.htm

MARC

LEADER 00000nab a2200000 ar4500
001 vtls010612992
003 SK-MaSNL
005 20260303085310.0
008 140806c2014 xo sr|p|||||||000 b|slo
038 |a PPPK 
040 |a PPPKCL  |b slo  |c PPPKCL  |e AACR2 
041 0 |a slo 
044 |a xo  |c SK 
080 |a 616-051  |x (437.671.113.123)  |2 2001 
100 1 |a Baráthová, Nora,  |d 1944-  |4 aut  |9 163499 
245 1 0 |a Spomienka na MUDr. Dominika Slovíka  |c Nora Baráthová 
300 |b Fotogr. 
600 1 7 |a Slovík, Dominik  |2 pppkcl  |9 1094604 
650 0 7 |a lekári  |2 pppkcl  |9 3195 
650 0 7 |a spomienky  |2 pppkcl  |9 55795 
651 7 |a Kežmarok (Slovensko)  |2 pppkcl  |9 26808 
773 0 |t Kežmarok  |g Roč. XXII, č. 10 (2014), s. 15 
852 |a PPPK  |b KIS3GCP 
856 4 1 |u http://www.kezmarok.sk/obcan/clanky/noviny_kezmarok_archiv-95.htm 
999 |c 1798685  |d 1800615